000 00531cam a2200157 4500
001 WS118703
008 020704n 000 0 eng u
035 _a(Sirsi) u118703
245 _aNew Zealand Government Online
520 _aWeb site for the offiicial gateway to the New Zealand government including links to government departments.
650 _aNEW ZEALAND
650 _aGOVERNMENT
690 _aINTERNATIONAL-AUSTRALASIA
856 4 0 _uhttps://www.govt.nz
_zView the website free of charge at www.govt.nz...
942 _n0
999 _c120076
_d120076